<?xml version="1.0" encoding="UTF-8"?><?xml-stylesheet type="text/xsl" href="static/style.xsl"?><OAI-PMH xmlns="http://www.openarchives.org/OAI/2.0/" xmlns:xsi="http://www.w3.org/2001/XMLSchema-instance" xsi:schemaLocation="http://www.openarchives.org/OAI/2.0/ http://www.openarchives.org/OAI/2.0/OAI-PMH.xsd"><responseDate>2026-04-13T05:50:12Z</responseDate><request verb="GetRecord" identifier="oai:www.recercat.cat:2117/455611" metadataPrefix="marc">https://recercat.cat/oai/request</request><GetRecord><record><header><identifier>oai:recercat.cat:2117/455611</identifier><datestamp>2026-03-09T04:33:54Z</datestamp><setSpec>com_2072_1033</setSpec><setSpec>col_2072_452950</setSpec></header><metadata><record xmlns="http://www.loc.gov/MARC21/slim" xmlns:dcterms="http://purl.org/dc/terms/" xmlns:xsi="http://www.w3.org/2001/XMLSchema-instance" xmlns:doc="http://www.lyncode.com/xoai" xsi:schemaLocation="http://www.loc.gov/MARC21/slim http://www.loc.gov/standards/marcxml/schema/MARC21slim.xsd">
   <leader>00925njm 22002777a 4500</leader>
   <datafield ind2=" " ind1=" " tag="042">
      <subfield code="a">dc</subfield>
   </datafield>
   <datafield ind2=" " ind1=" " tag="720">
      <subfield code="a">Zeng, Hao</subfield>
      <subfield code="e">author</subfield>
   </datafield>
   <datafield ind2=" " ind1=" " tag="720">
      <subfield code="a">González Blanco, Laura</subfield>
      <subfield code="e">author</subfield>
   </datafield>
   <datafield ind2=" " ind1=" " tag="720">
      <subfield code="a">Romero Morales, Enrique Edgar</subfield>
      <subfield code="e">author</subfield>
   </datafield>
   <datafield ind2=" " ind1=" " tag="260">
      <subfield code="c">2025-08-14</subfield>
   </datafield>
   <datafield ind2=" " ind1=" " tag="520">
      <subfield code="a">Granular bentonite (GB), offering better pourability and workability than traditional powder bentonites, has been proposed as a candidate material for engineered barriers in deep geological repositories of radioactive waste. During service, involving complex hydro-mechanical (HM) stress paths, GB barriers are expected to seal technological gaps within the system. However, few studies have examined the HM behaviour of GB related to gap sealing. To address this, a technological gap was initially fabricated within the compacted GB samples used for HM testing. The gap enhanced the compressibility of the sample, promoting a hardening effect under high stress and thereby reducing the volumetric collapse during subsequent wetting. Under low stress, the gap accelerated the hydration swelling, while the final swelling strain depended on the sample’s initial global dry density. Similarly, gap sealing had little effect on the development of swelling pressure when the sample was wetted under constant volume. Furthermore, the water permeability after saturation at a comparable global void ratio was higher in the initially gapped sample than in the intact one. These findings are anticipated to support a long-term safety assessment of GB barriers.</subfield>
   </datafield>
   <datafield ind2=" " ind1=" " tag="520">
      <subfield code="a">This project has received funding from the European Union’s Horizon 2020 research and innovation programme ‘European Joint Programme on Radioactive Waste Management’ EURAD (2019-2024) WP GAS ‘Mechanistic understanding of gas transport in clay materials’ under grant agreement No. 847593. The authors acknowledge the support of NAGRA through the project ‘Scientific work related to barrier integrity’ Ref 18722 (2019-2024). All authors also thank project PID2022141429OB-I00, funded by the Spanish Ministry of Science/Research Agency 501100011033/FEDER EU (2023-2027).</subfield>
   </datafield>
   <datafield ind2=" " ind1=" " tag="520">
      <subfield code="a">Postprint (published version)</subfield>
   </datafield>
   <datafield ind1="8" ind2=" " tag="024">
      <subfield code="a">https://hdl.handle.net/2117/455611</subfield>
   </datafield>
   <datafield tag="653" ind2=" " ind1=" ">
      <subfield code="a">Àrees temàtiques de la UPC::Enginyeria civil::Geotècnia</subfield>
   </datafield>
   <datafield ind2="0" ind1="0" tag="245">
      <subfield code="a">Effect of gap-sealing on hydro-mechanical behaviour of granular bentonite</subfield>
   </datafield>
</record></metadata></record></GetRecord></OAI-PMH>